01055nam a2200265Ia 4500001001200000003000800012006001900020007001500039008004100054020001500095040002100110035002000131050002600151245013300177260005100310300001100361500002000372533015200392650002700544650002800571655002900599700001800628710001700646856012600663ebr10026348CaPaEBRm u cr cn|||||||||991025s2001 at s 001 0aeng d z1862545537 aCaPaEBRcCaPaEBR a(OCoLC)5343145214aLB1025.3b.P53 2001eb00aP(ICT)ures of Englishh[electronic resource] :bteachers, learners and technology /cedited by Cal Durrant and Catherine Beavis. aKent Town, S. Aust. :bWakefield Press,c2001. a286 p. aIncludes index. aElectronic reproduction.bPalo Alto, Calif. :cebrary,d2009.nAvailable via World Wide Web.nAccess may be limited to ebrary affiliated libraries. 0aInstructional systems. 0aEducational technology. 7aElectronic books.2local1 aDurrant, Cal.2 aebrary, Inc.40uhttp://site.ebrary.com/lib/rucke/Doc?id=10026348zAn electronic book accessible through the World Wide Web; click to view